Publications of the Hispanic Society of America (Record no. 4043)

MARC details
000 -CABECERA
campo de control de longitud fija 01136nam a2200253 a 4500
001 - NÚMERO DE CONTROL
campo de control BRCA_4332
005 - FECHA Y HORA DE LA ÚLTIMA TRANSACCIÓN
campo de control 20190320204630.0
008 - DATOS DE LONGITUD FIJA--INFORMACIÓN GENERAL
campo de control de longitud fija 230610s1915----nyua######---#000-0#eng-#
041 ## - CÓDIGO DE LENGUA
Código de lengua del texto/banda sonora o título independiente eng
044 ## - CÓDIGO DEL PAÍS DE LA ENTIDAD EDITORA/PRODUCTORA
Código MARC del país nyu
050 #4 - SIGNATURA TOPOGRÁFICA DE LA BIBLIOTECA DEL CONGRESO
Número de clasificación NK4320
Número de documento/Ítem .P83 3
-- 1915
245 10 - MENCIÓN DE TÍTULO
Título Publications of the Hispanic Society of America
Resto del título No. 91, 92 y 93.
260 ## - PUBLICACIÓN, DISTRIBUCIÓN, ETC.
Lugar de publicación, distribución, etc. Nueva York
Nombre del editor, distribuidor, etc. Hispanic Society of America
Fecha de publicación, distribución, etc. 1915
300 ## - DESCRIPCIÓN FÍSICA
Extensión 1 v. (en varias paginaciones)
Otras características físicas il. (algunas a color)
Dimensiones 21 cm.
440 #0 - MENCIÓN DE SERIE/PUNTO DE ACCESO ADICIONAL--TÍTULO
Título Publications of the Hispanic Society of America
Designación de volumen o secuencia 91, 92, 93
9 (RLIN) 11098
500 ## - NOTA GENERAL
Nota general Ejemplar 91 igual a CEF84 y M15. Ejemplar 92 igual a A104 y A119. Ejemplar 93 igual a A103
500 ## - NOTA GENERAL
Nota general U72
505 0# - NOTA DE CONTENIDO CON FORMATO
Nota de contenido con formato Contenido: No.91. Spanish Maiolica in the Collection of the Hispanic Society of America. -- No.92. Mexican Maiolica in the Collection of the Hispanic Society of America. -- No.93. Spanish Porcelains and Terra Cottas in the Collection of the Hispanic Society of America
650 14 - PUNTO DE ACCESO ADICIONAL DE MATERIA--TÉRMINO DE MATERIA
Término de materia o nombre geográfico como elemento de entrada Mayólica
9 (RLIN) 7298
650 14 - PUNTO DE ACCESO ADICIONAL DE MATERIA--TÉRMINO DE MATERIA
Término de materia o nombre geográfico como elemento de entrada Cerámica
Subdivisión de forma Catálogos
Subdivisión geográfica Nueva York
9 (RLIN) 11038
650 14 - PUNTO DE ACCESO ADICIONAL DE MATERIA--TÉRMINO DE MATERIA
Término de materia o nombre geográfico como elemento de entrada Cerámica española
Subdivisión de forma Catálogos
9 (RLIN) 1350
902 ## - CATALOGADOR
Iniciales GFM
942 ## - ELEMENTOS DE PUNTO DE ACCESO ADICIONAL (KOHA)
Fuente del sistema de clasificación o colocación Library of Congress Classification
Tipo de ítem Koha Libros
Holdings
Estado de retiro Estado de pérdida Estado dañado No para préstamo Localización permanente Ubicación/localización actual Fecha de adquisición Número de inventario Total de préstamos Signatura topográfica completa Código de barras Fecha visto por última vez Precio válido a partir de Tipo de ítem Koha
El ejemplar forma parte de la colección y puede ser consultado según las políticas vigentes.       Biblioteca del Museo Franz Mayer (Rogerio Casas-Alatriste) Biblioteca del Museo Franz Mayer (Rogerio Casas-Alatriste) 05/07/2010 U72   NK4320 .P83 3 1915 (U72) 4329 22/03/2019 22/03/2019 Libros